000 00340nam a2200169Ia 4500
100 _aVerma/Shalini
650 _aGeneral
942 _cBK
366 _f10
654 _aword power
245 _aWord power made handy
260 _bS.Chand and Co.
_c2009
082 _a371.4
_bVER
300 _a392
546 _aENGLISH
999 _c30767
_d30767